[Event "Pardubice Czech op-B 28th"]
[Site "Pardubice"]
[Date "2017.07.21"]
[Round "1"]
[White "Tauriainen, Marko"]
[Black "Alwaeli, Looay"]
[Result "1-0"]
[WhiteElo "2103"]
[BlackElo "1876"]
[PlyCount "87"]
[EventDate "2017.07.21"]
[EventType "swiss"]
[EventRounds "9"]
[EventCountry "CZE"]
[SourceTitle "CBM 179 Extra"]
[Source "ChessBase"]
[SourceDate "2017.08.23"]
[SourceVersion "1"]
[SourceVersionDate "2017.08.23"]
[SourceQuality "1"]

1. Nc3 d5 2. e4 dxe4 3. Nxe4 e6 4. d4 Nd7 5. Nf3 Ngf6 6. Nxf6+ Nxf6 7. Bd3 Be7 8. 0-0 0-0 9. Ne5 c5 10. dxc5 Bxc5 11. Qe2 b6 12. Rd1 Qc7 13. Bg5 Nd5 14. c4 Nb4 15. Be4 Rb8 16. Bf4 f6 17. Qh5 f5 18. Bb1 Rd8 19. Rxd8+ Qxd8 20. a3 g6 21. Qe2 Qd4 22. Nxg6 hxg6 23. Bxb8 Nc6 24. Bc7 Kf7 25. Ba2 Bxa3 26. Rb1 Bc5 27. Rd1 Qh4 28. Bg3 Qf6 29. Qd2 g5 30. Bd6 Qd4 31. Qxd4 Bxd4 32. b4 Bg7 33. b5 Nd4 34. Bb8 Ne2+ 35. Kf1 Nc3 36. Rd2 a6 37. Rd8 axb5 38. Rxc8 Nxa2 39. cxb5 Nc3 40. Rc6 Nxb5 41. Rxb6 Nc3 42. Rb7+ Kg6 43. Rxg7+ Kxg7 44. Be5+ 1-0